000 00229nam a22001097a 4500
999 _c533597
_d533597
040 _cdlc
082 _a333.91
100 _aClive Agnew
_927553
245 _aWater Resources and Development
300 _a343p
942 _2ddc
_cBK